000 00308 a2200121 4500
040 _aDLC
_bDLC
082 _a629.8
100 _aDukkipati, Rao V.
245 _aControl System
_cRao V Dukkipati
260 _aNew Delhi
_bNarosa Publishing House
_c2005
650 _aAutomatic Control
942 _cBK
_k629.8 DUK
_2ddc
999 _c8880
_d8880